000 00644nam a2200241Ia 4500
003 OSt
005 20220918231322.0
006 a|||||r|||| 00| 0
007 ta
008 220917b |||||||| |||| 00| 0 eng d
024 _a278,224
037 _cTextual
040 _aARTS
_cARTS
_beng
041 _2eng
_aeng
082 _aX5(Z,98:1), K8
100 _aPantzer Kurt F
_9154200
245 0 _aDrafting of corporate charters and bylaws
260 _c1968
300 _axvi,251p.
_ccm.
700 _a Deer Richard E
_9154201
942 _hX5(Z,98:1), K8
_cTEXL
_2CC
999 _c290549
_d290549